Teatro Italiano del Siglo XX

Αποθηκεύτηκε σε:
Λεπτομέρειες βιβλιογραφικής εγγραφής
Κύριος συγγραφέας: Dabini, Attilio
Μορφή: Βιβλίο
Γλώσσα:Undetermined
Έκδοση: Buenos Aires, Argentina Ediciones Losange 1958
Θέματα:
Ετικέτες: Προσθήκη ετικέτας
Δεν υπάρχουν, Καταχωρήστε ετικέτα πρώτοι!

MARC

LEADER 00000nam a2200000Ia 4500
008 170316s9999 xx 000 0 und d
090 |a 792 D-1t 
100 |a Dabini, Attilio 
245 |a Teatro Italiano del Siglo XX 
260 |a Buenos Aires, Argentina 
260 |b Ediciones Losange 
260 |c 1958 
300 |a 168 páginas 
650 |a TEATRO 
999 |c 19729  |d 19729 
040 |a cru BVZT 
942 |c 15 D  |h 792 D-1t  |2 z